000 00988nmm a2200301 a 4500
001 ocm000984860
003 TR-IsHL
005 20201028153848.0
008 150709s2012 tu tur
007 cr cn
020 _a9789944394147
035 _a984860
_b(N$T)
050 0 4 _aPR6108.H63
_bK2919 2012
090 0 4 _aPR6108.H63
_bK2919 2012
100 1 _aHobbs, Peter
245 1 0 _aKayıp zamanlar
_h[electronic resource] /
_cPeter Hobbs ; Türkçesi Gizem Genç
250 _a2. bs.
260 _aİstanbul :
_bAltın Bilek Yayınları,
_c2012
300 _a265 p.
500 _aÖzgün adı : A short day dying
_x
650 4 _aDil ve Edebiyat
650 4 _aLanguage and Literature
650 0 _aİngiliz romanı
650 0 _aEnglish fiction
650 7 _aLITERARY COLLECTIONS / European / English, Irish, Scottish, Welsh
_2bisacsh
700 1 _aGenç, Gizem
856 4 0 _uhttp://search.ebscohost.com/login.aspx?direct=true&scope=site&db=e011xww&AN=984860
999 _c12272
_d12272